000
00253nam a22001217a 4500
041
_a
ENG
100
_a
D.Chitty
245
_a
Control Of Rats And Mice
260
_a
Delhi
_b
Oxford
_c
1954
300
_a
305
650
_a
APE ( 02 )
856
_u
APE ( 02 )
999
_c
2832
_d
2832